Laxton's building price book (Record no. 105876)

MARC details
000 -LEADER
fixed length control field 00869cam a2200265 4500
001 - CONTROL NUMBER
control field ##L134987
008 - FIXED-LENGTH DATA ELEMENTS--GENERAL INFORMATION
fixed length control field 060915n2006 000 0 eng u
020 ## - INTERNATIONAL STANDARD BOOK NUMBER
International Standard Book Number 0750665610
035 ## - SYSTEM CONTROL NUMBER
System control number (Sirsi) u134987
041 0# - LANGUAGE CODE
Language code of text/sound track or separate title eng
050 04 - LIBRARY OF CONGRESS CALL NUMBER
Classification number 692.5 $2 18
245 00 - TITLE STATEMENT
Title Laxton's building price book
Remainder of title major and small works 2007
250 ## - EDITION STATEMENT
Edition statement 179th ed.
260 ## - PUBLICATION, DISTRIBUTION, ETC.
Place of publication, distribution, etc. Oxford
Name of publisher, distributor, etc. Elsevier
Date of publication, distribution, etc. 2006
300 ## - PHYSICAL DESCRIPTION
Extent xliv, 906p.
Dimensions 2006
350 ## - PRICE (NR) (BK AM CF MU VM SE) [OBSOLETE]
Price 120
520 ## - SUMMARY, ETC.
Summary, etc. Includes prices for major works, small works and alterations, repairs and maintenance works. Also includes general information on standard rates of wages, daywork charges and fees.
520 ## - SUMMARY, ETC.
Summary, etc. Supersedes 178th edition (ISBN 0750665602)
590 ## - LOCAL NOTE (RLIN)
Local note IKA031006
651 #4 - SUBJECT ADDED ENTRY--GEOGRAPHIC NAME
Geographic name United Kingdom
Chronological subdivision
690 ## - LOCAL SUBJECT ADDED ENTRY--TOPICAL TERM (OCLC, RLIN)
Topical term or geographic name as entry element BUILT ENVIRONMENT-BUILDING COSTS
710 2# - ADDED ENTRY--CORPORATE NAME
Corporate name or jurisdiction name as entry element V. B. Johnson
9 (RLIN) 5048
942 ## - ADDED ENTRY ELEMENTS (KOHA)
Suppress in OPAC 0
Holdings
Withdrawn status Lost status Source of classification or shelving scheme Damaged status Not for loan Home library Current library Shelving location Date acquired Cost, normal purchase price Total Checkouts Full call number Barcode Date last seen Date last checked out Copy number Cost, replacement price Price effective from Koha item type
    Dewey Decimal Classification     London London Folio 22/09/2006 120.00 19 F692.5 LAX 30073291 06/08/2019 17/05/2010 1 120.00 06/08/2019 Book